Millionenstädte, die am nächsten zu New York liegen - Statistiken

Allgemein
  • Dieses Quiz wurde 102 mal gespielt
  • Das Durchschnittsergebnis liegt bei 7 aus 20
Antwortstatistiken
km Millionenstadt % Korrekt
1149 Chicago
90%
138 Philadelphia
74%
554 Toronto
74%
2213 Dallas
68%
2288 Houston
64%
3280 Mexiko-Stadt
57%
526 Montreal
48%
541 Ottawa
36%
2114 Havanna
31%
2954 Monterrey
20%
2552 San Antonio
20%
3319 Guatemala-Stadt
17%
2506 Santo Domingo
14%
3429 Caracas
13%
3260 Calgary
10%
3256 Edmonton
10%
3404 Managua
10%
3340 Puebla
5%
3307 Barranquilla
2%
3348 Maracaibo
2%
Keine übereinstimmenden Quizze gefunden
Verteilung der Resultate
Anzahl Personen mit jedem Resultat
Perzentil nach korrekt beantworteten Fragen
Ihre Resultats-Entwicklung
Sie haben dieses Quiz noch nicht gespielt